Normal view
MARC view
- Paramount Pictures Corporation (1914-1927)
Entry Corporate Name
001 - CONTROL NUMBER
- control field: 35269
003 - CONTROL NUMBER IDENTIFIER
- control field: OSt
005 - DATE AND TIME OF LATEST TRANSACTION
- control field: 20140217103535.0
008 - FIXED-LENGTH DATA ELEMENTS
- fixed length control field: 140217|| aca||aabn | a|a d
040 ## - CATALOGING SOURCE
- Original cataloging agency: OSt
110 2# - HEADING--CORPORATE NAME
- Corporate name or jurisdiction name as entry element: Paramount Pictures Corporation (1914-1927)
410 2# - SEE FROM TRACING--CORPORATE NAME
- Corporate name or jurisdiction name as entry element: Paramount Company
410 2# - SEE FROM TRACING--CORPORATE NAME
- Corporate name or jurisdiction name as entry element: Paramount Film Company